01202nam a2200193Ia 4500001001100000003001000011008004100021040002500062041001300087100002000100245010600120250001100226260008900237300001200326500026200338501011400600520026200714650003200976L890-39516IT-CnALBA170116s9999||||xx |||||||||||||| ||und|| aIT-CnALBAcIT-CnALBA aITALIANO aPRATCHETT TERRY 0aIL PICCOLO POPOLO ALL'ARIA APERTA. ROMANZO. IL II EPISODIO DELLA TRILOGIA DEGLI GNOMI DELLA CITTÀ.  a1a ed. aMILANObTEA, TASCABILI ED. ASSOCIATI c1994 [1° Ed.:1994 - Ed.Ling.Originale: 1994] a158 p.  aIL PICCOLO POPOLO DEI GRANDI MAGAZZINI. DELL'ARIA APERTA. TRADUZIONE DI VALLA R. NUOVO RIPARO DAL MONDO ESTERNO DEGLI GNOMI DI CITTÀ. UOMINI CONTRO IL PICCOLO GRUPPO. LOTTA SENZA QUARTIERE DEGLI GNOMI. NASCONDERSI O SCAPPARE? RISPOSTA DEL SAGGIO: LOTTA SE aSocietà San Paolo EM - Piazza San Paolo, 14 - 12051 ALBA (CN) (non commercial uses only) ® Copyright 2017 aIL PICCOLO POPOLO DEI GRANDI MAGAZZINI. DELL'ARIA APERTA. TRADUZIONE DI VALLA R. NUOVO RIPARO DAL MONDO ESTERNO DEGLI GNOMI DI CITTÀ. UOMINI CONTRO IL PICCOLO GRUPPO. LOTTA SENZA QUARTIERE DEGLI GNOMI. NASCONDERSI O SCAPPARE? RISPOSTA DEL SAGGIO: LOTTA SE aLETTERATURE IN ALTRE LINGUE